| 000 | 00000nas 2200000zi 4500 |
| 001 | 9.937103 |
| 003 | CaOODSP |
| 005 | 20250514142651 |
| 006 | m o d f |
| 007 | cr cn |||||||| |
| 008 | 240418c20239999abchr p o f0 b0fre|d |
| 040 | |aCaOODSP|bfre|erda|cCaOODSP |
| 043 | |an-cnp-- |
| 086 | 1 |aIu98-1/10F-PDF |
| 110 | 1 |aCanada. |bDéveloppement économique Canada pour les Prairies, |eauteur, |eorganisme de publication. |
| 245 | 10|aPlan d'évaluation triennal / |cPrairiesCan. |
| 264 | 1|a[Edmonton] : |bPrairies Economic Development Canada = Développement économique Canada pour les Prairies, |c2023- |
| 310 | |aTriennal |
| 336 | |atexte|btxt|2rdacontent/fre |
| 337 | |ainformatique|bc|2rdamedia/fre |
| 338 | |aressource en ligne|bcr|2rdacarrier/fre |
| 362 | 1 |aParaît depuis : 2023/2026. |
| 500 | |aPublié aussi en anglais sous le titre : Three-year evaluation plan. |
| 500 | |aTitre de la couverture. |
| 588 | |aDescription d'après : 2023/2026. |
| 588 | |aDernière livraison consultée : 2023/2026. |
| 610 | 16|aCanada. |bDéveloppement économique Canada pour les Prairies|vPériodiques. |
| 650 | 6|aÉvaluation|zCanada|xPlanification|vPériodiques. |
| 655 | 7|aPériodiques|2rvmgf |
| 775 | 08|tThree-year evaluation plan / |w(CaOODSP)9.937100 |